[Event "Montreal Mercredi 04"]
[Site "Montreal"]
[Date "2011.04.06"]
[Round "1"]
[White "Soskic, Radmilo"]
[Black "Millette, Sylvain"]
[Result "1-0"]
[WhiteElo "1741"]
[BlackElo "1562"]
[PlyCount "42"]
[EventDate "2011.04.06"]
[EventType "tourn"]
[EventRounds "5"]
[EventCountry "CAN"]
[SourceTitle "EXT 2013"]
[Source "ChessBase"]
[SourceDate "2012.11.22"]
[SourceVersion "1"]
[SourceVersionDate "2012.11.22"]
[SourceQuality "1"]

1. d4 Nf6 2. c4 g6 3. Nc3 d5 4. Nf3 Bg7 5. e3 0-0 6. Bd3 c5 7. 0-0 cxd4 8. exd4 dxc4 9. Bxc4 e6 10. h3 a6 11. a4 Nc6 12. Bg5 Qb6 13. Qb3 Qxb3 14. Bxb3 b6 15. Rad1 Na5 16. Ba2 Bb7 17. Ne5 Rad8 18. d5 h6 19. dxe6 Rxd1 20. Rxd1 Kh7 21. Bxf6 Bxf6 1-0

[Event "Montreal op U2000"]
[Site "Montreal"]
[Date "2009.09.11"]
[Round "1"]
[White "Giroux, Robert"]
[Black "Soskic, Radmilo"]
[Result "1-0"]
[WhiteElo "1840"]
[BlackElo "1650"]
[PlyCount "65"]
[EventDate "2009.09.11"]
[EventType "swiss"]
[EventRounds "5"]
[EventCountry "CAN"]
[SourceTitle "EXT 2011"]
[Source "ChessBase"]
[SourceDate "2010.11.26"]
[SourceVersion "1"]
[SourceVersionDate "2010.11.26"]
[SourceQuality "1"]

1. Nf3 Nf6 2. c4 g6 3. g3 Bg7 4. Bg2 0-0 5. 0-0 d6 6. Nc3 Nc6 7. d3 e5 8. Rb1 h6 9. b4 Ne7 10. Bb2 Bd7 11. b5 Qc8 12. Re1 Bh3 13. Bh1 Nd7 14. Nd2 Nc5 15. Nb3 f5 16. Nd5 Nxd5 17. Bxd5+ Ne6 18. Na5 Rb8 19. e3 Kh7 20. f4 Nd8 21. Bc3 c6 22. bxc6 b6 23. Nb7 Qc7 24. Qa4 Nxb7 25. cxb7 Rfe8 26. Qxa7 exf4 27. Bxg7 Qxg7 28. Qxb6 fxg3 29. hxg3 Qe7 30. Qd4 Red8 31. Qh4 Qxh4 32. gxh4 g5 33. hxg5 1-0

[Event "Quebec-ch qual2"]
[Site "Montreal"]
[Date "2005.05.15"]
[Round "5"]
[White "Libersan, Thierry"]
[Black "Soskic, Radmilo"]
[Result "1-0"]
[WhiteElo "2078"]
[BlackElo "1624"]
[PlyCount "57"]
[EventDate "2005.05.13"]
[EventType "swiss"]
[EventRounds "5"]
[EventCountry "CAN"]
[SourceTitle "CBM 106 Extra"]
[Source "ChessBase"]
[SourceDate "2005.07.01"]
[SourceVersion "1"]
[SourceVersionDate "2005.07.01"]
[SourceQuality "1"]

1. e4 e5 2. Nf3 Nf6 3. Nxe5 d6 4. Nf3 Nxe4 5. d4 d5 6. Bd3 Be7 7. 0-0 Bg4 8. c4 Nc6 9. Be3 0-0 10. Nc3 Nxc3 11. bxc3 Bf6 12. Rb1 Rb8 13. Bf4 g5 14. Bg3 Ne7 15. Rb2 h5 16. h3 h4 17. Bxh4 gxh4 18. hxg4 Ng6 19. Bxg6 fxg6 20. Qb1 Kg7 21. Rxb7 Qc8 22. Rxb8 Qxb8 23. g5 Be7 24. cxd5 Qd8 25. Nxh4 Qd6 26. Re1 Bxg5 27. Re6 Qxe6 28. dxe6 Bxh4 29. g3 1-0

[Event "Quebec-ch qual2"]
[Site "Montreal"]
[Date "2005.05.15"]
[Round "4"]
[White "Soskic, Radmilo"]
[Black "Camy, Garry"]
[Result "1-0"]
[WhiteElo "1624"]
[BlackElo "1716"]
[PlyCount "130"]
[EventDate "2005.05.13"]
[EventType "swiss"]
[EventRounds "5"]
[EventCountry "CAN"]
[SourceTitle "CBM 106 Extra"]
[Source "ChessBase"]
[SourceDate "2005.07.01"]
[SourceVersion "1"]
[SourceVersionDate "2005.07.01"]
[SourceQuality "1"]

1. d4 Nf6 2. Nf3 e6 3. Bg5 Be7 4. c4 0-0 5. Nc3 d5 6. e3 Nbd7 7. Bd3 h6 8. Bxf6 Nxf6 9. c5 c6 10. b4 Re8 11. Ne5 Nd7 12. Nxd7 Bxd7 13. a4 Bf6 14. f4 a5 15. b5 b6 16. bxc6 Bxc6 17. cxb6 Qxb6 18. Rb1 Qd8 19. 0-0 Qd7 20. Rf2 Be7 21. Bb5 Rec8 22. Qd3 Rab8 23. Rc2 Bb4 24. Na2 Bxb5 25. Rxc8+ Qxc8 26. axb5 Qc4 27. Nxb4 axb4 28. Qxc4 dxc4 29. Rxb4 c3 30. Rc4 Rxb5 31. Rxc3 Rb2 32. Kf1 Kf8 33. Rc7 Ke8 34. h3 h5 35. h4 Rd2 36. g3 Kf8 37. Rc3 Ke7 38. Ke1 Rg2 39. e4 f6 40. Rc7+ Kf8 41. Rc3 Kf7 42. f5 exf5 43. exf5 Rg1+ 44. Kf2 Rd1 45. Ke3 Re1+ 46. Kf4 Rd1 47. Ke4 Re1+ 48. Kd5 Re7 49. Kd6 Re4 50. d5 Re5 51. Rf3 Kf8 52. Kc6 Ke8 53. Kd6 Kf7 54. Rf4 Kf8 55. Kc6 Kf7 56. d6 Re3 57. Kd7 Rxg3 58. Re4 Rg4 59. Re7+ Kf8 60. Kd8 Rxh4 61. Re8+ Kf7 62. d7 Rf4 63. Kc7 Rc4+ 64. Kb6 Rb4+ 65. Kc5 Rb1 1-0

[Event "Quebec-ch qual2"]
[Site "Montreal"]
[Date "2005.05.13"]
[Round "1"]
[White "Plante, Michel"]
[Black "Soskic, Radmilo"]
[Result "1-0"]
[WhiteElo "1987"]
[BlackElo "1624"]
[PlyCount "69"]
[EventDate "2005.05.13"]
[EventType "swiss"]
[EventRounds "5"]
[EventCountry "CAN"]
[SourceTitle "CBM 106 Extra"]
[Source "ChessBase"]
[SourceDate "2005.07.01"]
[SourceVersion "1"]
[SourceVersionDate "2005.07.01"]
[SourceQuality "1"]

1. d4 Nf6 2. Nf3 e6 3. Nbd2 d5 4. e3 Bd6 5. Bd3 b6 6. Ne5 Bb7 7. f4 h5 8. Qf3 Qe7 9. e4 c6 10. Nxf7 Qxf7 11. e5 Be7 12. exf6 Qxf6 13. Qg3 Qh4 14. Bg6+ Kd7 15. Nf3 Qxg3+ 16. hxg3 Kc7 17. g4 Nd7 18. g5 Raf8 19. Be3 c5 20. c3 Bd6 21. g3 e5 22. dxe5 d4 23. exd6+ Kxd6 24. cxd4 Bxf3 25. dxc5+ Nxc5 26. Rh2 Ne4 27. f5 Ke5 28. Bf4+ Kd4 29. Rc1 Rc8 30. Rxc8 Rxc8 31. f6 gxf6 32. gxf6 Rc6 33. f7 Rf6 34. Bh6 Re6 35. Bxe4 1-0

[Event "Quebec-ch U1800"]
[Site "Repentigny"]
[Date "2003.11.22"]
[Round "2"]
[White "Soskic, Radmilo"]
[Black "Vivier, Christian"]
[Result "0-1"]
[WhiteElo "1682"]
[BlackElo "1786"]
[PlyCount "130"]
[EventDate "2003.11.21"]
[EventType "swiss"]
[EventRounds "5"]
[EventCountry "CAN"]
[SourceTitle "EXT 2022"]
[Source "ChessBase"]
[SourceDate "2021.10.06"]
[SourceVersion "1"]
[SourceVersionDate "2021.10.06"]
[SourceQuality "1"]

1. e4 c6 2. d4 d5 3. e5 Bf5 4. Bd3 Bxd3 5. Qxd3 e6 6. Ne2 c5 7. c3 Nc6 8. 0-0 Qb6 9. Kh1 Rc8 10. Na3 cxd4 11. cxd4 a6 12. Nc2 Nge7 13. f4 h5 14. f5 Nxf5 15. Rxf5 exf5 16. Qxf5 Ne7 17. Qd3 g6 18. Ne3 Bh6 19. Nc3 Bxe3 20. Qxe3 Rd8 21. Qf2 Nf5 22. Bg5 Rd7 23. Bf6 0-0 24. Rd1 Rc8 25. g3 Rdc7 26. Nxd5 Qc6 27. Qg2 Rd7 28. Ne7+ Nxe7 29. Qxc6 bxc6 30. Kg2 Nd5 31. Bg5 c5 32. Kf3 cxd4 33. Rxd4 Rb8 34. b3 Rb4 35. Rd3 Rbb7 36. a3 Ne7 37. Rc3 Rbc7 38. Re3 Nf5 39. Re1 Rc3+ 40. Kg2 Rxb3 41. a4 Rb2+ 42. Kh3 Rb6 43. Rc1 Re6 44. Rc8+ Kg7 45. Bf6+ Rxf6 46. exf6+ Kxf6 47. Rc6+ Rd6 48. Rc4 Ke5 49. Rc7 f6 50. Ra7 Ne3 51. Re7+ Re6 52. Rg7 Kf5 53. Rc7 Re5 54. Rc6 Ra5 55. Rc3 Nd5 56. Rc4 Nb6 57. Rf4+ Ke5 58. Rb4 Nxa4 59. g4 hxg4+ 60. Kxg4 Nc3 61. Kf3 Ra2 62. h4 Nd5 63. Rg4 Ra3+ 64. Kf2 Nf4 65. Rg1 Nh3+ 0-1

[Event "Montreal op"]
[Site "Montreal"]
[Date "2000.??.??"]
[Round "2"]
[White "Soskic, Radmilo"]
[Black "Plante, Michel"]
[Result "1/2-1/2"]
[WhiteElo "1796"]
[BlackElo "1926"]
[PlyCount "94"]
[EventDate "2000.??.??"]
[EventType "swiss"]
[EventRounds "5"]
[EventCountry "CAN"]
[SourceTitle "EXT 2003"]
[Source "ChessBase"]
[SourceDate "2002.11.25"]
[SourceVersion "1"]
[SourceVersionDate "2002.11.25"]
[SourceQuality "1"]

1. d4 d5 2. c4 e6 3. Nc3 c6 4. e3 Nf6 5. Bd3 dxc4 6. Bxc4 b5 7. Bd3 a6 8. Nge2 Nbd7 9. Ng3 c5 10. Qf3 Rb8 11. 0-0 Bb7 12. Nge4 Qb6 13. dxc5 Nxc5 14. Nxf6+ gxf6 15. e4 Nxd3 16. Qxd3 b4 17. Rd1 Rd8 18. Be3 Rxd3 19. Bxb6 Rd6 20. Na4 Bxe4 21. Rxd6 Bxd6 22. Rc1 Kd7 23. f3 Bd5 24. b3 Rg8 25. Kh1 Rc8 26. Bc5 Bxc5 27. Nxc5+ Ke8 28. Kg1 Rc6 29. Kf2 Ke7 30. Ke3 Kd6 31. Nd3 Rxc1 32. Nxc1 e5 33. Nd3 a5 34. Nb2 f5 35. g3 f6 36. f4 h5 37. h4 Kc5 38. Nd3+ Kd6 39. Nb2 Bf7 40. Ke2 Kc5 41. Ke3 Bd5 42. Nd3+ Kd6 43. Nb2 Ke6 44. Nd3 Be4 45. Nc5+ Kd5 46. Nxe4 fxe4 47. f5 Kd6 1/2-1/2

[Event "Montreal op"]
[Site "Montreal"]
[Date "2000.??.??"]
[Round "4"]
[White "Soskic, Radmilo"]
[Black "Sasseville, Jean"]
[Result "0-1"]
[WhiteElo "1796"]
[BlackElo "1955"]
[PlyCount "126"]
[EventDate "2000.??.??"]
[EventType "swiss"]
[EventRounds "5"]
[EventCountry "CAN"]
[SourceTitle "EXT 2003"]
[Source "ChessBase"]
[SourceDate "2002.11.25"]
[SourceVersion "1"]
[SourceVersionDate "2002.11.25"]
[SourceQuality "1"]

1. e4 c5 2. c3 Nf6 3. e5 Nd5 4. Bc4 Nb6 5. Bb3 d5 6. d4 cxd4 7. Qxd4 Nc6 8. Qf4 g6 9. Nf3 Bg7 10. 0-0 Qc7 11. Re1 0-0 12. Na3 a6 13. Bd2 Bf5 14. Bc2 Bxc2 15. Nxc2 Nc4 16. Bc1 N4xe5 17. Kh1 Rac8 18. Nxe5 Bxe5 19. Qg5 e6 20. f4 Bg7 21. h4 Qe7 22. Qg4 h5 23. Qh3 f5 24. Be3 Bf6 25. Bf2 Rfe8 26. Re2 Qd6 27. Qg3 Kf7 28. Rae1 e5 29. fxe5 Bxe5 30. Qg5 Bf4 31. Bc5 Bxg5 32. Bxd6 Bxh4 33. g3 Bg5 34. Rxe8 Rxe8 35. Rxe8 Kxe8 36. Ne1 Kd7 37. Bc5 Ne5 38. Kg2 Bc1 39. Bd4 Nc6 40. Nd3 Nxd4 41. cxd4 Be3 42. Ne5+ Ke6 43. Nxg6 Bxd4 44. Nf4+ Kd6 45. Nd3 Be3 46. Kf3 d4 47. b3 Kd5 48. Nb4+ Ke6 49. Nd3 b6 50. a4 Kd6 51. Nb4 Bd2 52. Nd3 Kd5 53. Ke2 Be3 54. Nb4+ Ke4 55. Nd3 a5 56. b4 axb4 57. Nxb4 f4 58. gxf4 Bxf4 59. Nd3 Be3 60. Nb2 h4 61. Kf1 h3 62. Nc4 d3 63. a5 bxa5 0-1

[Event "Lanaudiere op"]
[Site "Lanaudiere"]
[Date "2000.??.??"]
[Round "4"]
[White "Soudre, Nicolas"]
[Black "Soskic, Radmilo"]
[Result "1-0"]
[WhiteElo "2230"]
[BlackElo "1750"]
[PlyCount "75"]
[EventDate "2000.??.??"]
[EventType "swiss"]
[EventRounds "5"]
[EventCountry "CAN"]
[SourceTitle "EXT 2003"]
[Source "ChessBase"]
[SourceDate "2002.11.25"]
[SourceVersion "1"]
[SourceVersionDate "2002.11.25"]
[SourceQuality "1"]

1. e4 e5 2. Nf3 Nf6 3. d4 Nxe4 4. dxe5 d5 5. exd6 Bxd6 6. Bd3 Bf5 7. Qe2 Qe7 8. Nc3 Bb4 9. 0-0 Nxc3 10. Qxe7+ Bxe7 11. bxc3 Bxd3 12. cxd3 0-0 13. Rb1 b6 14. Bf4 Nd7 15. d4 f6 16. Rfe1 Kf7 17. d5 Bd6 18. Bxd6 cxd6 19. Re6 Nc5 20. Rxd6 Ke7 21. Rc6 Rac8 22. Rxc8 Rxc8 23. Nd4 Kd7 24. Nc6 Re8 25. g3 Re2 26. Nxa7 Rxa2 27. Nb5 Rd2 28. Nd4 Na4 29. Nf5 Nxc3 30. Rxb6 Nxd5 31. Rb7+ Nc7 32. Nxg7 Kc6 33. Rb3 Rd5 34. Rf3 Rd1+ 35. Kg2 Nd5 36. Nh5 Rc1 37. Nxf6 Nxf6 38. Rxf6+ 1-0